American Journal of Criminal Law

Detalles Bibliográficos
Formato: Revista
Lenguaje:inglés
Publicado: Austin : University of Texas, School of Law Publications, 1974-
Materias:
Acceso en línea:http://www.vlex.com/source/7151

MARC

LEADER 00000nas a22000007a 4500
005 20130312171534.0
007 cr|||| ||||
008 130312c19749999xxuqr|p s|||| 0|||a1eng d
022 |a 922315  
035 |a 7151 
040 |a vLex 
090 |c 3903  |d 3903 
245 0 0 |a American Journal of Criminal Law  |h [Recurso electrn̤ico]  
256 |a Servicio en ln̕ea 
260 |a Austin :   |b University of Texas, School of Law Publications,   |c 1974- 
300 |a 1 Recurso electrn̤ico 
506 |d vLex Global  |d vLex Global (Academic Edition, excluding Law Schools)  |d vLex Global (U.S. Academic Edition, Law Schools)  |d vLex Global (U.S. Academic Edition, excluding Law Schools)  |d vLex Global (Academic Edition, Law Schools) 
650 0 4 |a Derecho penal  |v Revistas  |z Estados Unidos 
740 |a vLex Revistas (Servicio en ln̕ea) 
856 |a Acceso restringido  |u http://www.vlex.com/source/7151 
942 |c REV 
999 0 |a Criminal law